LEADER 00981nam a22002411i 4500 001 991002981199707536 005 20030822202229.0 008 030925s1922 it |||||||||||||||||ita 035 $ab12363868-39ule_inst 035 $aARCHE-041139$9ExL 040 $aBiblioteca Interfacoltà$bita$cA.t.i. Arché s.c.r.l. Pandora Sicilia s.r.l. 100 1 $aBattisti, Carlo$0285301 245 14$aIl "Tiralli" dantesco e "l'Alpe che serra Lamagna" 260 $aVenezia :$ba spese della R. deputazione,$c1922 300 $a13 p. ;$c24 cm 500 $aPaginato anche 178-188. 500 $aEstr. da: Archivio Veneto-Tridentino, vol. II 907 $a.b12363868$b02-04-14$c08-10-03 912 $a991002981199707536 945 $aLE002 Misc. I E 7/2 (Fondo Ferretti)$g1$i2002000190956$lle002$o-$pE0.00$q-$rn$so $t0$u0$v0$w0$x0$y.i12768546$z08-10-03 996 $aTiralli" dantesco e "l'Alpe che serra Lamagna"$9171910 997 $aUNISALENTO 998 $ale002$b08-10-03$cm$da $e-$fita$git $h4$i1